000 00700nam a2200241Ia 4500
003 OSt
005 20220925235324.0
006 a|||||r|||| 00| 0
007 ta
008 220923b |||||||| |||| 00| 0 eng d
037 _cGeneral Book
040 _aRTL
_cRTL
_beng
041 _2eng
_aeng
082 _aX:54.2.N8, M5
100 _aSingh Deo Raj
_9301198
245 0 _aPattern of foreign trade and planning in India
260 _a New Delhi
_bCriterion Publications India
_c1985
300 _axii, 419p. Bib. p.395-414
_ccm.
650 _a Economics
650 _aInternational Trade
942 _hX:54.2.N8, M5
_cGB
_2CC
999 _c597134
_d597134